مكتبة جامعة عجلون الوطنية

فهرس بحث المكتبة

The analysis and use of financial statements / (Record no. 33209)

MARC details
000 -LEADER
fixed length control field 00991pam a2200277 a 4500
001 - CONTROL NUMBER
control field 1578318
003 - CONTROL NUMBER IDENTIFIER
control field JO-AjAnu
005 - DATE AND TIME OF LATEST TRANSACTION
control field 20231202133847.0
008 - FIXED-LENGTH DATA ELEMENTS--GENERAL INFORMATION
fixed length control field 930610s1994 nyua b 001 0 eng
010 ## - LIBRARY OF CONGRESS CONTROL NUMBER
LC control number 93014434
020 ## - INTERNATIONAL STANDARD BOOK NUMBER
International Standard Book Number 0471584703
040 ## - CATALOGING SOURCE
Original cataloging agency DLC
Transcribing agency DLC
Modifying agency DLC
-- JO-AjAnu
050 00 - LIBRARY OF CONGRESS CALL NUMBER
Classification number HF5681.B2
Item number W4678 1994
082 00 - DEWEY DECIMAL CLASSIFICATION NUMBER
Classification number 657/.3
Edition number 20
100 1# - MAIN ENTRY--PERSONAL NAME
Personal name White, Gerald I.
Relator term author
245 14 - TITLE STATEMENT
Title The analysis and use of financial statements /
Statement of responsibility, etc. Gerald I. White, Ashwinpaul C. Sondhi, Dov Fried.
260 ## - PUBLICATION, DISTRIBUTION, ETC.
Place of publication, distribution, etc. New York :
Name of publisher, distributor, etc. Wiley,
Date of publication, distribution, etc. c1994.
300 ## - PHYSICAL DESCRIPTION
Extent xvii, 1198 p. :
Other physical details ill. ;
Dimensions 25 cm.
504 ## - BIBLIOGRAPHY, ETC. NOTE
Bibliography, etc. note Includes bibliographical references (p. 1173-1183) and index.
650 #0 - SUBJECT ADDED ENTRY--TOPICAL TERM
Topical term or geographic name entry element Financial statements.
700 1# - ADDED ENTRY--PERSONAL NAME
Personal name Sondhi, Ashwinpaul C.
Relator term joint author
700 1# - ADDED ENTRY--PERSONAL NAME
Personal name Fried, Dov.
Relator term joint author
906 ## - LOCAL DATA ELEMENT F, LDF (RLIN)
a 7
b cbc
c orignew
d 1
e ocip
f 19
g y-gencatlg
942 ## - ADDED ENTRY ELEMENTS (KOHA)
Source of classification or shelving scheme Library of Congress Classification
Koha item type Books
Suppress in OPAC No
Holdings
Withdrawn status Lost status Source of classification or shelving scheme Damaged status Not for loan Home library Current library Date acquired Total Checkouts Full call number Barcode Date last seen Price effective from Koha item type
    Library of Congress Classification     مكتبة جامعة عجلون الوطنية مكتبة جامعة عجلون الوطنية 02/12/2023   HF5681.B2.W4678 1994 E3561 02/12/2023 02/12/2023 Books